WWE Intercontinental or United States Championship? - Statistics

General Stats
  • This quiz has been taken 64 times
    63 since last reset
  • The average score is 13 of 20
Answer Stats
Question Answer % Correct
Which championship did John Cena, as champion, represent with a customized belt featuring a spinning center plate?
98%
Which championship did Jacob Fatu win at WrestleMania 41?
95%
Matt Cardona, known in WWE as Zack Ryder has held both championships, but one of those, he held for just one day, winning at WrestleMania only to be defeated the very next night on RAW. Which championship was that?
93%
One of these championships had an instance where a champion was stripped of the title for failing to defend within 30 days. A new champion was crowned in the interim. When the former champion returned, he did so with a copy of the belt and declared that, as he had not been defeated, he was still the champion. The matter was put to rest in a ladder match with both copies of the belt hanging above the ring. Which championship is the one in question here?
86%
All three members of the Shield have the distinction of having held both titles at least once each, but which title was the first that any member of the Shield held?
82%
At No Mercy 2002, Triple H, as World Heavyweight Champion, defeated Kane for Kane's championship in a match with both titles on the line. In winning, Triple H unified both championships, resulting in a six month stretch where the title that Kane had entered with was retired. Which championship was Kane holding when he lost to Triple H?
80%
Both championships have been held by members of the Rhodes family. Which (as of May 4th, 2025) title have the Rhodes' held the longest when their combined days as champion are totaled?
75%
"Hacksaw" Jim Duggan has held only one of these titles. Which one was it?
75%
Steve Austin has held both championships multiple times. One of those reigns ended with him giving away the belt to his then-rival, only to blindside said rival and leave with the physical belt. He then hurled the belt off of a bridge and into a river. Which championship did that belt belong to?
73%
Which title temporarily had co-champions that WWE no longer recognize?
68%
Which of these championships have been separately held by both Matt and Jeff Hardy?
68%
If Bo Dallas, also known as Uncle Howdy, were to win one of these championships, his family would be the first to boast having members of three generations to hold that title. Which title would he need to win to accomplish this feat?
64%
Which championship, as of May 4th, 2025, has had the most Canadian champions?
61%
Greg "The Hammer" Valentine destroyed a physical belt by smashing it repeatedly against the side of a steel cage. What championship did that belt belong to?
59%
As of May 4th, 2025, which championship has been the only one to be contested for in an elimination chamber match?
57%
During the second WWE brand split and its initial draft in 2016, which championship and its champion got drafted to SmackDown?
52%
"Ravishing" Rick Rude held each title once. Which reign was longer?
41%
At the Vengeance: Night of Champions pay-per-view event in 2007, all the active WWE championships were defended. Which title did a then-58-year-old Ric Flair unsuccessfully challenge for?
41%
"Rowdy" Roddy Piper has held both championships, but which one did he win first?
38%
Which was the first championship to be separately held by both a father and his son?
27%
No matching quizzes found
Score Distribution
Percent of People with Each Score
Percentile by Number Answered
Your Score History
You have not taken this quiz since the last reset